|
|
|
|
| LEADER |
00000nam a2200000 a 4500 |
| 007 |
ta |
| 008 |
131009s2013 cr a f |||| 100 0 spa d |
| 020 |
|
|
|a 9789968412360
|
| 040 |
|
|
|a cru-CIICLA
|
| 082 |
|
|
|a 860.9 P418p
|
| 111 |
2 |
|
|a Encuentro Mesoamericano Escritura-Cultura
|c San José : Costa Rica
|d Agosto 2012
|
| 245 |
1 |
0 |
|a Pensamiento. Literatura. Independencia
|b Actas del VII Encuentro Mesoamericano Escritura-Cultura
|c editores Helena Ospina, Erika Chinchilla Ramírez, Gabriel Quesada Mora, Adrianaa de la Paz Araya
|h libro
|
| 246 |
3 |
|
|a Actasdel VII Encuentro Mesoamericano Escritura Cultura y del V Coloquio Escritoras y Escritores Latinoamericanos
|h libro
|
| 246 |
3 |
|
|a V Coloquio Escritoras y Escritores Latinoamericanos
|
| 250 |
|
|
|a 1. edición
|
| 260 |
|
|
|a San José, Costa Rica
|b Promesa
|c 2013
|
| 300 |
|
|
|a 721 páginas
|b ilustraciones
|
| 505 |
|
|
|r Ospina de Fonseca, Helena
|t Una gran familia /
|
| 505 |
|
|
|r González Villanueva, Gustavo
|t Pensamiento. Literatura. Independencia /
|
| 650 |
|
7 |
|2 LEMB
|a LITERATURA LATINOAMERICANA
|x CONFERENCIAS, CONGRESOS
|
| 700 |
1 |
2 |
|a Echeverría Zeledón, María Amelia, Manuel Roberto Echeverría Zeledón
|c Aspecto político tratado en la segunda parte de Don Quijote de la Mancha y el gobierno de Felipe II
|
| 700 |
1 |
2 |
|a Visbal Sierra, Ricardo
|c Sir Walter Raleigh y la aventura de El Dorado en la obra cronística de V.S. Naipaul
|
| 700 |
1 |
2 |
|a Céspedes Solís, Pablo Andrés
|c La antropología en Edith Stein: en miras de una pedagogía empática
|
| 700 |
1 |
2 |
|a Quesada Mora, Gabriel
|c Hacia una mirada personalista de la literatura
|
| 700 |
1 |
2 |
|a Gallegos, Daniel
|c Presentación de Yo tomé Panamá: una novela histórica de Rodolfo Leitón Garro
|
| 700 |
1 |
2 |
|a Muñoz Muñoz, Marianela
|c Gestión cultural para el desarrollo en Centroamérica
|
| 700 |
1 |
2 |
|a Devandas Brenes, Vínyela
|c El género ensayo y su utilidad en la enseñanza de la literatura a los jóvenes
|
| 700 |
1 |
2 |
|a Zelaya Lücke, Ana
|c Carlos Salazar Herrera: Cuentos de angustias y paisajes: El grillo
|
| 700 |
1 |
2 |
|a Quesada Mora, Gabriel
|c La aplicación en la lógica en la crítica literaria
|
| 700 |
1 |
2 |
|a Banús, Enrique
|c La literatura como testimonio de una evolución
|
| 700 |
1 |
2 |
|a Fuster, Enrique
|c Representación del más allá en el cine contemporáneo
|
| 700 |
1 |
2 |
|a Varela, Fabiana
|c Murámonos, Federico de Joaquín Gutiérrez Mangel
|
| 700 |
1 |
2 |
|a Ospina Garcés de Fonseca, Helena
|d 1944-
|9 7
|
| 942 |
|
|
|2 ddc
|c BK
|h 860.9 P418p
|6 860_900000000000000_P418P
|
| 999 |
|
|
|c 3
|d 3
|